यहीं तक / (Record no. 47955)

MARC details
000 -LEADER
fixed length control field 01845nam a22003017a 4500
005 - DATE AND TIME OF LATEST TRANSACTION
control field 20100928113853.0
010 ## - LCCN (DPL NO)
LC control number HIN-90664 B-429877-879
020 ## - INTERNATIONAL STANDARD BOOK NUMBER
International Standard Book Number 9788176672429
Terms of availability 150.00
035 ## - SYSTEM CONTROL NUMBER
System control number HN-63010
035 ## - SYSTEM CONTROL NUMBER
System control number B-429877-879
037 ## - SOURCE OF ACQUISITION
Source of stock number/acquisition DBAD / PUB
037 ## - SOURCE OF ACQUISITION
Source of stock number/acquisition एलाईड पब्लिशर्स
082 ## - DEWEY DECIMAL CLASSIFICATION NUMBER
Classification number
100 ## - MAIN ENTRY--PERSONAL NAME
Personal name राजी सेठ
245 ## - TITLE STATEMENT
Title यहीं तक /
Statement of responsibility, etc राजी सेठ
246 ## - VARYING FORM OF TITLE
Title proper/short title Yahin tak
Remainder of title by Rajee Seth
260 ## - PUBLICATION, DISTRIBUTION, ETC. (IMPRINT)
Place of publication, distribution, etc दिल्ली
Name of publisher, distributor, etc भावना प्रकाशन
Date of publication, distribution, etc 2010
270 ## - ADDRESS
Address 109-ए, पटपड़गंज
City दिल्ली
Postal code 110091
Telephone number 22756734
300 ## - PHYSICAL DESCRIPTION
Extent 175पृ.
Dimensions 22सेमी (सजिल्द)
650 ## - SUBJECT ADDED ENTRY--TOPICAL TERM
Topical term or geographic name as entry element लघु कथाएँ, हिन्दी
700 ## - ADDED ENTRY--PERSONAL NAME
9 (RLIN) 22273
942 ## - ADDED ENTRY ELEMENTS (KOHA)
Source of classification or shelving scheme Dewey Decimal Classification
Item type Hindi Books
Classification part
Call number suffix राजीसे
Holdings
Withdrawn status Lost status Not for loan Collection code Home library Current library Date acquired Source of acquisition Cost, normal purchase price Full call number Barcode Copy number Cost, replacement price Koha item type
      Fiction Central Library Central Library 19/05/2011 एलाईड पब्लिशर्स/2950/29.3.11/80/15.3.11/30.3.11 150.00 क राजीसे B-429877 2 150.00 Hindi Books
      Fiction Central Library Central Library 19/05/2011 एलाईड पब्लिशर्स/2950/29.3.11/80/15.3.11/30.3.11 150.00 क राजीसे B-429878 2 150.00 Hindi Books
    Not For Loan Fiction D.B.Act.Division D.B.Act.Division 29/09/2010 DBAD / PUB 150.00 क राजीसे HN-63010 1 150.00 Hindi Books
      Fiction Sarojini Nagar Sarojini Nagar 19/05/2011 एलाईड पब्लिशर्स/2950/29.3.11/80/15.3.11/30.3.11 150.00 क राजीसे B-429879 1 150.00 Hindi Books

© Delhi Public Library
Hit Counter
free hit counter